000 00422nam a22001817a 4500
003 MPLRDC
005 20220104124630.0
008 210129b ||||| |||| 00| 0 eng d
082 _a690.7 SZM-2
100 _a施再满编著
245 _a小城故事
_c
250 _a初版
260 _a
_b野外杂志社
_c1981
300 _b
490 _a野外丛书
650 _a中国游记
942 _cBK
_o690.7 SZM-2
999 _c20890
_d20880